[Event "DEM U12 2025"]
[Site "Willingen GER"]
[Date "2025.06.14"]
[Round "9"]
[White "Aguike, Toshiya"]
[Black "Nain, Medhansh"]
[Result "0-1"]
[Termination "normal"]
[Board "10"]
[WhiteElo "1953"]
[BlackElo "1732"]
[WhiteClock "00:43:15"]
[BlackClock "00:37:53"]
[PlyCount "108"]
[WhiteFideId "34611347"]
[BlackFideId "34684875"]
[EventCountry "GER"]
[EventRounds "9"]
[EventType "swiss"]
[EventDate "2025.06.07"]

1. e4 {[%clk 01:30:41]} {[%emt 00:00:17]} e5 {[%clk 01:30:53]} {[%emt
00:00:08]} 2. Nf3 {[%clk 01:31:06]} {[%emt 00:00:05]} Nc6 {[%clk 01:31:16]}
{[%emt 00:00:07]} 3. Bc4 {[%clk 01:31:03]} {[%emt 00:00:32]} Bc5 {[%clk
01:31:40]} {[%emt 00:00:08]} 4. c3 {[%clk 01:31:29]} {[%emt 00:00:04]} Nf6
{[%clk 01:32:05]} {[%emt 00:00:05]} 5. d4 {[%clk 01:31:33]} {[%emt 00:00:25]}
exd4 {[%clk 01:32:29]} {[%emt 00:00:06]} 6. b4 {[%clk 01:31:03]} {[%emt
00:01:00]} Bb6 {[%clk 01:23:01]} {[%emt 00:09:59]} 7. e5 {[%clk 01:31:21]}
{[%emt 00:00:12]} d5 {[%clk 01:23:14]} {[%emt 00:00:17]} 8. exf6 {[%clk
01:31:43]} {[%emt 00:00:07]} dxc4 {[%clk 01:23:32]} {[%emt 00:00:12]} 9. Qe2+
{[%clk 01:32:04]} {[%emt 00:00:08]} Be6 {[%clk 01:23:44]} {[%emt 00:00:19]} 10.
b5 {[%clk 01:32:24]} {[%emt 00:00:09]} Na5 {[%clk 01:21:09]} {[%emt 00:03:07]}
11. fxg7 {[%clk 01:31:15]} {[%emt 00:01:38]} Rg8 {[%clk 01:20:51]} {[%emt
00:00:47]} 12. cxd4 {[%clk 01:31:33]} {[%emt 00:00:12]} Bxd4 {[%clk 01:09:23]}
{[%emt 00:11:59]} 13. Nxd4 {[%clk 01:15:49]} {[%emt 00:16:13]} Qxd4 {[%clk
01:09:43]} {[%emt 00:00:11]} 14. Bb2 {[%clk 01:15:54]} {[%emt 00:00:21]} Qd3
{[%clk 01:09:53]} {[%emt 00:00:24]} 15. Bf6 {[%clk 01:13:33]} {[%emt 00:02:49]}
Qxe2+ {[%clk 00:58:07]} {[%emt 00:12:18]} 16. Kxe2 {[%clk 01:13:49]} {[%emt
00:00:14]} b6 {[%clk 00:58:09]} {[%emt 00:00:29]} 17. Nc3 {[%clk 01:12:51]}
{[%emt 00:01:24]} Nb7 {[%clk 00:57:21]} {[%emt 00:01:20]} 18. Rad1 {[%clk
01:12:10]} {[%emt 00:01:06]} Nd6 {[%clk 00:57:31]} {[%emt 00:00:25]} 19. Rd2
{[%clk 01:12:04]} {[%emt 00:00:35]} Kd7 {[%clk 00:50:45]} {[%emt 00:07:17]} 20.
Ne4 {[%clk 00:50:58]} {[%emt 00:21:35]} Rge8 {[%clk 00:45:58]} {[%emt
00:05:18]} 21. Be5 {[%clk 00:41:12]} {[%emt 00:10:16]} Bg4+ {[%clk 00:46:16]}
{[%emt 00:00:13]} 22. Kf1 {[%clk 00:41:25]} {[%emt 00:00:16]} Rxe5 {[%clk
00:46:27]} {[%emt 00:00:19]} 23. Nf6+ {[%clk 00:41:12]} {[%emt 00:00:43]} Ke6
{[%clk 00:46:42]} {[%emt 00:00:15]} 24. g8=Q {[%clk 00:38:59]} {[%emt
00:02:43]} Rxg8 {[%clk 00:47:00]} {[%emt 00:00:12]} 25. Nxg8 {[%clk 00:39:22]}
{[%emt 00:00:07]} Rxb5 {[%clk 00:47:06]} {[%emt 00:00:24]} 26. f3 {[%clk
00:37:13]} {[%emt 00:02:38]} Rb1+ {[%clk 00:47:19]} {[%emt 00:00:19]} 27. Kf2
{[%clk 00:37:33]} {[%emt 00:00:10]} Rxh1 {[%clk 00:47:37]} {[%emt 00:00:12]}
28. Re2+ {[%clk 00:37:56]} {[%emt 00:00:06]} Kd5 {[%clk 00:39:39]} {[%emt
00:08:28]} 29. Nf6+ {[%clk 00:38:18]} {[%emt 00:00:08]} Kd4 {[%emt 00:04:49]}
30. Nxg4 {[%clk 00:38:29]} {[%emt 00:00:18]} c3 {[%clk 00:35:10]} {[%emt
00:00:42]} 31. h3 {[%clk 00:38:48]} {[%emt 00:00:09]} Rd1 {[%clk 00:35:19]}
{[%emt 00:00:22]} 32. Ne3 {[%clk 00:39:10]} {[%emt 00:00:08]} Rd2 {[%clk
00:35:23]} {[%emt 00:00:27]} 33. Rxd2+ {[%clk 00:38:07]} {[%emt 00:01:33]} cxd2
{[%clk 00:35:42]} {[%emt 00:00:11]} 34. Ke2 {[%clk 00:38:34]} {[%emt 00:00:02]}
Kc3 {[%clk 00:32:23]} {[%emt 00:03:50]} 35. g4 {[%clk 00:37:43]} {[%emt
00:01:20]} b5 {[%clk 00:31:58]} {[%emt 00:00:56]} 36. h4 {[%clk 00:38:06]}
{[%emt 00:00:05]} Nc4 {[%clk 00:32:20]} {[%emt 00:00:11]} 37. Nd1+ {[%clk
00:38:17]} {[%emt 00:00:17]} Kc2 {[%clk 00:32:38]} {[%emt 00:00:12]} 38. f4
{[%clk 00:38:37]} {[%emt 00:00:09]} Nd6 {[%clk 00:32:54]} {[%emt 00:00:16]} 39.
h5 {[%clk 00:37:27]} {[%emt 00:01:39]} Ne4 {[%clk 00:32:56]} {[%emt 00:00:29]}
40. Ne3+ {[%clk 00:37:45]} {[%emt 00:00:11]} Kc1 {[%clk 00:33:18]} {[%emt
00:00:08]} 41. g5 {[%clk 00:38:06]} {[%emt 00:00:06]} Ng3+ {[%clk 00:33:43]}
{[%emt 00:00:08]} 42. Kf3 {[%clk 00:38:28]} {[%emt 00:00:08]} Nxh5 {[%clk
00:34:07]} {[%emt 00:00:06]} 43. Kg4 {[%clk 00:38:51]} {[%emt 00:00:07]} Nxf4
{[%clk 00:33:57]} {[%emt 00:00:40]} 44. Kxf4 {[%clk 00:39:09]} {[%emt
00:00:12]} d1=Q {[%clk 00:34:23]} {[%emt 00:00:04]} 45. Nxd1 {[%clk 00:39:35]}
{[%emt 00:00:04]} Kxd1 {[%clk 00:34:48]} {[%emt 00:00:05]} 46. Kf5 {[%clk
00:40:01]} {[%emt 00:00:03]} c5 {[%clk 00:35:14]} {[%emt 00:00:06]} 47. Kf6
{[%clk 00:40:27]} {[%emt 00:00:04]} c4 {[%clk 00:35:36]} {[%emt 00:00:08]} 48.
Kxf7 {[%clk 00:40:52]} {[%emt 00:00:04]} c3 {[%clk 00:36:03]} {[%emt 00:00:03]}
49. Kg7 {[%clk 00:41:15]} {[%emt 00:00:07]} c2 {[%clk 00:36:30]} {[%emt
00:00:03]} 50. Kxh7 {[%clk 00:41:38]} {[%emt 00:00:07]} c1=Q {[%clk 00:36:54]}
{[%emt 00:00:07]} 51. g6 {[%clk 00:42:03]} {[%emt 00:00:04]} Qc5 {[%clk
00:37:11]} {[%emt 00:00:13]} 52. g7 {[%clk 00:42:25]} {[%emt 00:00:08]} Qh5+
{[%clk 00:37:31]} {[%emt 00:00:10]} 53. Kg8 {[%clk 00:42:51]} {[%emt 00:00:04]}
Qd5+ {[%clk 00:37:53]} {[%emt 00:00:09]} 54. Kf8 {[%clk 00:43:15]} {[%emt
00:00:05]} Qxa2 {[%emt 00:00:14]} 0-1

[Event "DEM U12 2025"]
[Site "Willingen GER"]
[Date "2025.06.14"]
[Round "9"]
[White "Brückner, Julian"]
[Black "Kottage, Nilash Nethul"]
[Result "1-0"]
[Termination "normal"]
[Board "11"]
[WhiteElo "1802"]
[BlackElo "1526"]
[WhiteClock "00:17:42"]
[BlackClock "00:23:34"]
[PlyCount "65"]
[WhiteFideId "34630031"]
[BlackFideId "29935768"]
[EventCountry "GER"]
[EventRounds "9"]
[EventType "swiss"]
[EventDate "2025.06.07"]

1. e4 {[%clk 01:30:55]} {[%emt 00:00:04]} c5 {[%clk 01:30:52]} {[%emt
00:00:09]} 2. Nf3 {[%clk 01:31:14]} {[%emt 00:00:12]} Nc6 {[%clk 01:31:16]}
{[%emt 00:00:05]} 3. d4 {[%clk 01:31:22]} {[%emt 00:00:21]} cxd4 {[%clk
01:31:42]} {[%emt 00:00:05]} 4. Nxd4 {[%clk 01:31:28]} {[%emt 00:00:24]} Nf6
{[%clk 01:31:55]} {[%emt 00:00:17]} 5. Nc3 {[%clk 01:31:18]} {[%emt 00:00:39]}
e6 {[%clk 01:32:07]} {[%emt 00:00:19]} 6. Be3 {[%clk 01:30:18]} {[%emt
00:01:30]} d6 {[%clk 01:29:01]} {[%emt 00:03:37]} 7. Qd2 {[%clk 01:26:50]}
{[%emt 00:03:57]} e5 {[%clk 01:28:56]} {[%emt 00:00:36]} 8. Nf3 {[%clk
01:24:18]} {[%emt 00:03:01]} h6 {[%clk 01:29:01]} {[%emt 00:00:25]} 9. h3
{[%clk 01:21:44]} {[%emt 00:03:04]} Be6 {[%clk 01:29:11]} {[%emt 00:00:20]} 10.
O-O-O {[%clk 01:20:31]} {[%emt 00:01:43]} a6 {[%clk 01:29:01]} {[%emt
00:00:41]} 11. Kb1 {[%clk 01:13:57]} {[%emt 00:07:03]} b5 {[%clk 01:29:05]}
{[%emt 00:00:26]} 12. Bd3 {[%clk 01:12:09]} {[%emt 00:02:17]} Rb8 {[%clk
01:26:30]} {[%emt 00:03:06]} 13. Ne1 {[%clk 01:00:22]} {[%emt 00:12:17]} b4
{[%clk 01:25:57]} {[%emt 00:01:04]} 14. Na4 {[%emt 00:10:34]} Qa5 {[%clk
01:22:48]} {[%emt 00:00:03]} 15. b3 {[%clk 00:53:47]} {[%emt 00:00:36]} Be7
{[%clk 01:17:48]} {[%emt 00:05:30]} 16. f4 {[%clk 00:49:07]} {[%emt 00:05:10]}
Bd7 {[%clk 01:17:32]} {[%emt 00:00:46]} 17. Qf2 {[%clk 00:45:13]} {[%emt
00:04:23]} Bd8 {[%clk 01:10:45]} {[%emt 00:07:19]} 18. Nf3 {[%clk 00:40:05]}
{[%emt 00:05:37]} Bc7 {[%clk 01:05:38]} {[%emt 00:05:37]} 19. fxe5 {[%clk
00:38:48]} {[%emt 00:01:46]} Nxe5 {[%clk 01:06:08]} {[%emt 00:00:02]} 20. Nxe5
{[%clk 00:38:56]} {[%emt 00:00:21]} Qxe5 {[%clk 00:44:57]} {[%emt 00:21:41]}
21. Bd4 {[%clk 00:35:54]} {[%emt 00:03:32]} Qe7 {[%clk 00:38:30]} {[%emt
00:06:56]} 22. Rhf1 {[%clk 00:31:06]} {[%emt 00:05:18]} Bd8 {[%clk 00:32:20]}
{[%emt 00:06:40]} 23. e5 {[%clk 00:28:04]} {[%emt 00:03:32]} dxe5 {[%clk
00:29:46]} {[%emt 00:03:04]} 24. Bxe5 {[%clk 00:26:35]} {[%emt 00:01:59]} Ra8
{[%clk 00:29:52]} {[%emt 00:00:24]} 25. Qf3 {[%clk 00:25:54]} {[%emt 00:01:10]}
Ra7 {[%clk 00:25:22]} {[%emt 00:05:00]} 26. Bb8 {[%clk 00:22:00]} {[%emt
00:04:25]} Be6 {[%clk 00:25:05]} {[%emt 00:00:47]} 27. Bxa7 {[%clk 00:22:04]}
{[%emt 00:00:25]} Qxa7 {[%clk 00:25:34]} {[%emt 00:00:02]} 28. Qc6+ {[%clk
00:21:52]} {[%emt 00:00:41]} Bd7 {[%clk 00:23:25]} {[%emt 00:02:40]} 29. Rfe1+
{[%clk 00:21:17]} {[%emt 00:01:05]} Be7 {[%clk 00:23:38]} {[%emt 00:00:16]} 30.
Qd6 {[%clk 00:18:39]} {[%emt 00:03:07]} Be6 {[%clk 00:23:00]} {[%emt 00:01:10]}
31. Rxe6 {[%clk 00:16:54]} {[%emt 00:02:15]} fxe6 {[%clk 00:23:29]} {[%emt
00:00:02]} 32. Bg6+ {[%clk 00:17:18]} {[%emt 00:00:06]} Kf8 {[%clk 00:23:34]}
{[%emt 00:00:24]} 33. Qxe6 {[%clk 00:17:42]} {[%emt 00:00:06]} 1-0

[Event "DEM U12 2025"]
[Site "Willingen GER"]
[Date "2025.06.14"]
[Round "9"]
[White "Braren, Ove Neelis"]
[Black "Wagener, Nicolas"]
[Result "0-1"]
[Termination "normal"]
[Board "12"]
[WhiteElo "1716"]
[BlackElo "1765"]
[WhiteClock "00:03:22"]
[BlackClock "00:34:50"]
[PlyCount "76"]
[WhiteFideId "34663770"]
[BlackFideId "34607935"]
[EventCountry "GER"]
[EventRounds "9"]
[EventType "swiss"]
[EventDate "2025.06.07"]

1. e4 {[%clk 01:30:53]} {[%emt 00:00:07]} c5 {[%clk 01:30:57]} {[%emt
00:00:04]} 2. Nf3 {[%clk 01:31:08]} {[%emt 00:00:14]} a6 {[%clk 01:31:22]}
{[%emt 00:00:06]} 3. c3 {[%clk 01:31:26]} {[%emt 00:00:12]} d5 {[%clk
01:31:46]} {[%emt 00:00:05]} 4. exd5 {[%clk 01:31:09]} {[%emt 00:00:46]} Qxd5
{[%clk 01:32:10]} {[%emt 00:00:07]} 5. d4 {[%clk 01:31:15]} {[%emt 00:00:24]}
Nf6 {[%clk 01:32:17]} {[%emt 00:00:23]} 6. Be3 {[%clk 01:30:25]} {[%emt
00:01:19]} cxd4 {[%clk 01:32:41]} {[%emt 00:00:06]} 7. cxd4 {[%clk 01:29:14]}
{[%emt 00:01:42]} e6 {[%clk 01:33:00]} {[%emt 00:00:10]} 8. Nc3 {[%clk
01:28:54]} {[%emt 00:00:51]} Qd6 {[%clk 01:33:19]} {[%emt 00:00:11]} 9. Bd3
{[%clk 01:28:49]} {[%emt 00:00:35]} Be7 {[%clk 01:33:31]} {[%emt 00:00:19]} 10.
O-O {[%clk 01:28:58]} {[%emt 00:00:20]} Nc6 {[%clk 01:33:42]} {[%emt 00:00:19]}
11. a3 {[%clk 01:28:01]} {[%emt 00:01:27]} O-O {[%clk 01:33:08]} {[%emt
00:01:04]} 12. Rc1 {[%clk 01:27:11]} {[%emt 00:01:20]} Rd8 {[%clk 01:31:00]}
{[%emt 00:02:37]} 13. Bb1 {[%clk 01:19:57]} {[%emt 00:07:44]} b5 {[%clk
01:30:33]} {[%emt 00:00:58]} 14. b4 {[%clk 01:19:21]} {[%emt 00:01:07]} Bb7
{[%clk 01:30:04]} {[%emt 00:00:58]} 15. Qe2 {[%clk 01:16:29]} {[%emt 00:03:21]}
Rac8 {[%clk 01:29:32]} {[%emt 00:01:03]} 16. Rfd1 {[%clk 01:16:38]} {[%emt
00:00:21]} Bf8 {[%clk 01:25:11]} {[%emt 00:04:48]} 17. Bg5 {[%clk 01:08:43]}
{[%emt 00:08:28]} Be7 {[%clk 01:25:13]} {[%emt 00:00:28]} 18. Ne4 {[%clk
01:00:30]} {[%emt 00:08:42]} Nxe4 {[%clk 01:21:46]} {[%emt 00:03:58]} 19. Qxe4
{[%clk 00:59:35]} {[%emt 00:01:25]} f5 {[%clk 01:19:32]} {[%emt 00:02:44]} 20.
Qe3 {[%clk 00:53:36]} {[%emt 00:06:28]} Bxg5 {[%clk 01:18:20]} {[%emt
00:01:43]} 21. Qxg5 {[%clk 00:47:30]} {[%emt 00:06:36]} Ne7 {[%clk 01:13:36]}
{[%emt 00:05:13]} 22. Ba2 {[%clk 00:39:35]} {[%emt 00:08:26]} Bxf3 {[%clk
01:12:11]} {[%emt 00:01:55]} 23. gxf3 {[%clk 00:36:35]} {[%emt 00:03:29]} Nd5
{[%clk 01:09:28]} {[%emt 00:03:10]} 24. Rc5 {[%clk 00:26:10]} {[%emt 00:10:59]}
Nc3 {[%clk 01:05:15]} {[%emt 00:04:29]} 25. Rd2 {[%clk 00:20:54]} {[%emt
00:05:59]} Nxa2 {[%clk 01:04:44]} {[%emt 00:01:01]} 26. Rxa2 {[%clk 00:21:10]}
{[%emt 00:00:14]} Qxd4 {[%clk 01:04:47]} {[%emt 00:00:27]} 27. Qe7 {[%clk
00:21:05]} {[%emt 00:00:35]} Rxc5 {[%clk 00:54:03]} {[%emt 00:11:15]} 28. Qxe6+
{[%clk 00:20:26]} {[%emt 00:01:09]} Kf8 {[%clk 00:40:03]} {[%emt 00:14:28]} 29.
bxc5 {[%clk 00:20:10]} {[%emt 00:00:48]} Qxc5 {[%clk 00:40:21]} {[%emt
00:00:12]} 30. Qxa6 {[%clk 00:15:37]} {[%emt 00:05:03]} Rd6 {[%clk 00:37:05]}
{[%emt 00:03:46]} 31. Qa8+ {[%clk 00:14:58]} {[%emt 00:01:10]} Kf7 {[%clk
00:37:12]} {[%emt 00:00:22]} 32. Qb7+ {[%clk 00:13:24]} {[%emt 00:02:04]} Kg6
{[%clk 00:37:16]} {[%emt 00:00:26]} 33. Ra1 {[%clk 00:11:04]} {[%emt 00:02:49]}
Kh6 {[%clk 00:34:38]} {[%emt 00:03:10]} 34. Rb1 {[%clk 00:02:37]} {[%emt
00:08:57]} Rg6+ {[%clk 00:34:26]} {[%emt 00:00:41]} 35. Kf1 {[%clk 00:02:57]}
{[%emt 00:00:10]} Qc4+ {[%clk 00:34:16]} {[%emt 00:00:41]} 36. Ke1 {[%clk
00:03:14]} {[%emt 00:00:13]} Rg1+ {[%clk 00:34:21]} {[%emt 00:00:24]} 37. Kd2
{[%clk 00:03:10]} {[%emt 00:00:35]} Rxb1 {[%clk 00:34:41]} {[%emt 00:00:09]}
38. Qb6+ {[%clk 00:03:22]} {[%emt 00:00:18]} Kh5 {[%clk 00:34:50]} {[%emt
00:00:18]} 0-1

[Event "DEM U12 2025"]
[Site "Willingen GER"]
[Date "2025.06.14"]
[Round "9"]
[White "Zargaran, Sepas"]
[Black "Geschke, Jonathan"]
[Result "0-1"]
[Termination "normal"]
[Board "14"]
[WhiteElo "1944"]
[BlackElo "1667"]
[WhiteClock "00:04:01"]
[BlackClock "00:10:08"]
[PlyCount "78"]
[WhiteFideId "34625275"]
[BlackFideId "34636129"]
[EventCountry "GER"]
[EventRounds "9"]
[EventType "swiss"]
[EventDate "2025.06.07"]

1. e4 {[%clk 01:30:57]} {[%emt 00:00:03]} e5 {[%clk 01:30:59]} {[%emt
00:00:01]} 2. Bc4 {[%clk 01:31:20]} {[%emt 00:00:07]} Nf6 {[%clk 01:29:53]}
{[%emt 00:01:37]} 3. Nc3 {[%clk 01:31:33]} {[%emt 00:00:16]} Nxe4 {[%clk
01:24:25]} {[%emt 00:05:58]} 4. Qh5 {[%clk 01:31:55]} {[%emt 00:00:08]} Nd6
{[%clk 01:22:04]} {[%emt 00:02:52]} 5. Bb3 {[%clk 01:32:16]} {[%emt 00:00:09]}
Be7 {[%clk 01:15:39]} {[%emt 00:06:55]} 6. Qxe5 {[%clk 01:32:28]} {[%emt
00:00:18]} O-O {[%clk 01:15:13]} {[%emt 00:00:55]} 7. d4 {[%clk 01:32:02]}
{[%emt 00:00:56]} Bf6 {[%clk 01:11:12]} {[%emt 00:04:31]} 8. Qf4 {[%clk
01:30:12]} {[%emt 00:02:20]} Re8+ {[%clk 01:10:43]} {[%emt 00:01:00]} 9. Nge2
{[%clk 01:30:32]} {[%emt 00:00:09]} Nc6 {[%clk 01:09:56]} {[%emt 00:01:17]} 10.
O-O {[%clk 01:26:29]} {[%emt 00:04:32]} b6 {[%clk 01:07:41]} {[%emt 00:02:47]}
11. Be3 {[%clk 01:21:51]} {[%emt 00:05:07]} Bb7 {[%clk 01:05:43]} {[%emt
00:02:29]} 12. Ng3 {[%clk 01:16:45]} {[%emt 00:05:35]} Ne7 {[%clk 01:00:13]}
{[%emt 00:06:01]} 13. Nce4 {[%clk 00:59:21]} {[%emt 00:17:52]} Nxe4 {[%clk
00:54:38]} {[%emt 00:06:07]} 14. Nxe4 {[%clk 00:59:42]} {[%emt 00:00:09]} Bxe4
{[%clk 00:52:01]} {[%emt 00:03:07]} 15. Qxe4 {[%clk 00:59:53]} {[%emt
00:00:18]} Nc6 {[%clk 00:49:57]} {[%emt 00:02:36]} 16. Qd5 {[%clk 00:55:26]}
{[%emt 00:04:56]} Qe7 {[%clk 00:48:29]} {[%emt 00:01:56]} 17. c3 {[%clk
00:54:31]} {[%emt 00:01:27]} Na5 {[%clk 00:45:25]} {[%emt 00:03:34]} 18. Bc2
{[%clk 00:53:53]} {[%emt 00:01:08]} Qe6 {[%clk 00:40:24]} {[%emt 00:05:31]} 19.
Qh5 {[%clk 00:52:29]} {[%emt 00:01:53]} g6 {[%clk 00:38:11]} {[%emt 00:02:43]}
20. Qf3 {[%clk 00:52:46]} {[%emt 00:00:12]} Nc4 {[%clk 00:33:22]} {[%emt
00:05:20]} 21. b3 {[%clk 00:52:32]} {[%emt 00:00:44]} Nxe3 {[%clk 00:32:57]}
{[%emt 00:00:56]} 22. fxe3 {[%clk 00:52:54]} {[%emt 00:00:07]} Bg7 {[%clk
00:31:34]} {[%emt 00:01:53]} 23. e4 {[%clk 00:48:27]} {[%emt 00:04:57]} Re7
{[%clk 00:28:39]} {[%emt 00:03:25]} 24. Bd3 {[%clk 00:44:00]} {[%emt 00:04:58]}
Rf8 {[%clk 00:26:56]} {[%emt 00:02:12]} 25. Rae1 {[%clk 00:35:03]} {[%emt
00:09:27]} Qc6 {[%clk 00:24:44]} {[%emt 00:02:41]} 26. Bc4 {[%clk 00:32:37]}
{[%emt 00:02:54]} b5 {[%clk 00:24:00]} {[%emt 00:01:18]} 27. Bd5 {[%clk
00:30:07]} {[%emt 00:02:59]} Qb6 {[%clk 00:23:11]} {[%emt 00:01:20]} 28. b4
{[%clk 00:28:44]} {[%emt 00:01:52]} a5 {[%clk 00:22:39]} {[%emt 00:01:03]} 29.
a3 {[%clk 00:29:03]} {[%emt 00:00:11]} a4 {[%clk 00:21:56]} {[%emt 00:01:13]}
30. Kh1 {[%clk 00:26:37]} {[%emt 00:02:55]} c6 {[%clk 00:20:47]} {[%emt
00:01:41]} 31. Ba2 {[%clk 00:26:50]} {[%emt 00:00:15]} Qc7 {[%clk 00:20:35]}
{[%emt 00:00:42]} 32. Re2 {[%clk 00:24:51]} {[%emt 00:02:29]} d6 {[%clk
00:19:10]} {[%emt 00:01:55]} 33. Qf4 {[%clk 00:17:25]} {[%emt 00:07:55]} Kh8
{[%clk 00:17:59]} {[%emt 00:01:42]} 34. g4 {[%clk 00:09:07]} {[%emt 00:08:48]}
f6 {[%clk 00:16:21]} {[%emt 00:02:07]} 35. h4 {[%clk 00:07:05]} {[%emt
00:02:32]} Qd7 {[%clk 00:14:35]} {[%emt 00:02:14]} 36. Ref2 {[%clk 00:05:39]}
{[%emt 00:01:58]} Rfe8 {[%clk 00:13:43]} {[%emt 00:01:21]} 37. Bb1 {[%clk
00:05:11]} {[%emt 00:01:00]} Qe6 {[%clk 00:11:58]} {[%emt 00:02:14]} 38. h5
{[%clk 00:04:20]} {[%emt 00:01:21]} g5 {[%clk 00:10:36]} {[%emt 00:01:52]} 39.
h6 {[%clk 00:04:01]} {[%emt 00:00:50]} gxf4 {[%clk 00:10:08]} {[%emt 00:00:57]}
0-1

[Event "DEM U12 2025"]
[Site "Willingen GER"]
[Date "2025.06.14"]
[Round "9"]
[White "Varazi, Maxime"]
[Black "Serwane, Ruben"]
[Result "1-0"]
[Termination "normal"]
[Board "15"]
[WhiteElo "1775"]
[BlackElo "1854"]
[WhiteClock "01:14:00"]
[BlackClock "00:55:08"]
[PlyCount "75"]
[WhiteFideId "34618929"]
[BlackFideId "34660232"]
[EventCountry "GER"]
[EventRounds "9"]
[EventType "swiss"]
[EventDate "2025.06.07"]

1. e4 {[%clk 01:30:56]} {[%emt 00:00:02]} c5 {[%clk 01:30:43]} {[%emt
00:00:19]} 2. Nf3 {[%clk 01:31:01]} {[%emt 00:00:23]} d6 {[%clk 01:30:15]}
{[%emt 00:00:58]} 3. d4 {[%clk 01:31:19]} {[%emt 00:00:13]} cxd4 {[%clk
01:30:13]} {[%emt 00:00:33]} 4. Nxd4 {[%clk 01:31:44]} {[%emt 00:00:04]} g6
{[%clk 01:29:59]} {[%emt 00:00:44]} 5. Nc3 {[%clk 01:31:35]} {[%emt 00:00:39]}
Bg7 {[%clk 01:29:21]} {[%emt 00:01:08]} 6. Be3 {[%clk 01:31:43]} {[%emt
00:00:22]} Nf6 {[%clk 01:29:09]} {[%emt 00:00:41]} 7. f3 {[%clk 01:31:56]}
{[%emt 00:00:18]} Nc6 {[%clk 01:28:58]} {[%emt 00:00:41]} 8. Qd2 {[%clk
01:32:16]} {[%emt 00:00:10]} O-O {[%clk 01:28:24]} {[%emt 00:01:04]} 9. O-O-O
{[%clk 01:32:38]} {[%emt 00:00:08]} Bd7 {[%clk 01:26:35]} {[%emt 00:02:19]} 10.
g4 {[%clk 01:32:02]} {[%emt 00:01:07]} Nxd4 {[%clk 01:23:08]} {[%emt 00:03:56]}
11. Bxd4 {[%clk 01:32:25]} {[%emt 00:00:07]} Qa5 {[%clk 01:22:24]} {[%emt
00:01:13]} 12. h4 {[%clk 01:31:30]} {[%emt 00:01:25]} b5 {[%clk 01:20:53]}
{[%emt 00:02:02]} 13. Kb1 {[%clk 01:30:54]} {[%emt 00:01:07]} Be6 {[%clk
01:19:19]} {[%emt 00:02:04]} 14. Nd5 {[%clk 01:29:48]} {[%emt 00:01:35]} Qd8
{[%clk 01:17:18]} {[%emt 00:02:31]} 15. Nxf6+ {[%clk 01:28:51]} {[%emt
00:01:28]} Bxf6 {[%clk 01:15:32]} {[%emt 00:02:16]} 16. Bxf6 {[%clk 01:29:12]}
{[%emt 00:00:09]} exf6 {[%clk 01:15:53]} {[%emt 00:00:07]} 17. g5 {[%clk
01:29:08]} {[%emt 00:00:35]} a6 {[%clk 01:15:06]} {[%emt 00:01:17]} 18. f4
{[%clk 01:28:46]} {[%emt 00:00:51]} Rc8 {[%clk 01:13:08]} {[%emt 00:02:29]} 19.
Be2 {[%clk 01:27:43]} {[%emt 00:01:33]} f5 {[%clk 01:12:18]} {[%emt 00:01:21]}
20. Bf3 {[%clk 01:25:47]} {[%emt 00:02:25]} fxe4 {[%clk 01:11:13]} {[%emt
00:01:35]} 21. Bxe4 {[%clk 01:26:05]} {[%emt 00:00:12]} d5 {[%clk 01:11:04]}
{[%emt 00:00:39]} 22. Bd3 {[%clk 01:26:11]} {[%emt 00:00:24]} Qb6 {[%clk
01:10:42]} {[%emt 00:00:52]} 23. Rdg1 {[%clk 01:25:30]} {[%emt 00:01:11]} d4
{[%clk 01:10:19]} {[%emt 00:00:54]} 24. h5 {[%clk 01:24:15]} {[%emt 00:01:43]}
Rc7 {[%clk 01:09:29]} {[%emt 00:01:21]} 25. Rh2 {[%clk 01:20:41]} {[%emt
00:04:04]} b4 {[%clk 01:09:24]} {[%emt 00:00:35]} 26. Rh4 {[%clk 01:20:11]}
{[%emt 00:01:00]} a5 {[%clk 01:07:12]} {[%emt 00:02:42]} 27. Rgh1 {[%clk
01:19:02]} {[%emt 00:01:38]} a4 {[%clk 01:05:06]} {[%emt 00:02:38]} 28. f5
{[%clk 01:15:11]} {[%emt 00:04:20]} gxf5 {[%clk 01:03:14]} {[%emt 00:02:21]}
29. g6 {[%clk 01:13:31]} {[%emt 00:02:11]} fxg6 {[%clk 00:59:59]} {[%emt
00:03:45]} 30. hxg6 {[%clk 01:13:52]} {[%emt 00:00:09]} hxg6 {[%clk 00:59:43]}
{[%emt 00:00:46]} 31. Rh8+ {[%clk 01:13:49]} {[%emt 00:00:34]} Kf7 {[%clk
00:59:23]} {[%emt 00:00:48]} 32. R1h7+ {[%clk 01:14:11]} {[%emt 00:00:08]} Ke8
{[%clk 00:59:37]} {[%emt 00:00:17]} 33. Rxf8+ {[%clk 01:14:37]} {[%emt
00:00:05]} Kxf8 {[%clk 00:59:43]} {[%emt 00:00:23]} 34. Qh6+ {[%clk 01:15:05]}
{[%emt 00:00:01]} Ke8 {[%clk 00:59:20]} {[%emt 00:00:54]} 35. Qxg6+ {[%clk
01:14:41]} {[%emt 00:00:54]} Kd8 {[%clk 00:54:38]} {[%emt 00:05:12]} 36. Rh8+
{[%clk 01:14:35]} {[%emt 00:00:36]} Kd7 {[%clk 00:54:46]} {[%emt 00:00:22]} 37.
Qe8+ {[%clk 01:13:41]} {[%emt 00:01:25]} Kd6 {[%clk 00:55:08]} {[%emt
00:00:07]} 38. Qxe6+ {[%clk 01:14:00]} {[%emt 00:00:11]} 1-0